Principles of communication / (Record no. 1434)
[ view plain ]
| 000 -LEADER | |
|---|---|
| fixed length control field | 00671nam a22002172 4500 |
| 001 - CONTROL NUMBER | |
| control field | 0000024192 |
| 005 - DATE AND TIME OF LATEST TRANSACTION | |
| control field | 20151021151152.0 |
| 008 - FIXED-LENGTH DATA ELEMENTS--GENERAL INFORMATION | |
| fixed length control field | 130618s xx 000 0 eng d |
| 020 ## - INTERNATIONAL STANDARD BOOK NUMBER | |
| International Standard Book Number | 8184050070 : |
| 040 ## - CATALOGING SOURCE | |
| Original cataloging agency | KABU |
| Transcribing agency | KABU |
| 100 1# - MAIN ENTRY--PERSONAL NAME | |
| Personal name | Nandi, Charles. |
| -- | 0000184152 |
| 245 10 - TITLE STATEMENT | |
| Title | Principles of communication / |
| Statement of responsibility, etc. | Charles Nandi. |
| 250 ## - EDITION STATEMENT | |
| Edition statement | 1st ed. |
| 260 ## - PUBLICATION, DISTRIBUTION, ETC. (IMPRINT) | |
| Place of publication, distribution, etc. | New Delhi : |
| Name of publisher, distributor, etc. | Reference Press, |
| Date of publication, distribution, etc. | 2006. |
| 300 ## - PHYSICAL DESCRIPTION | |
| Extent | v, 238 p. |
| 650 #0 - SUBJECT ADDED ENTRY--TOPICAL TERM | |
| Topical term or geographic name as entry element | Communication. |
| -- | 0000151592 |
| 852 1# - LOCATION | |
| -- | p2660 KES |
| 852 1# - LOCATION | |
| -- | p2660 KES |
| 908 ## - PUT COMMAND PARAMETER (RLIN) | |
| Put command parameter | 130618 |
| 950 ## - LOCAL HOLDINGS (RLIN) | |
| -- | 1 |
| Withdrawn status | Lost status | Source of classification or shelving scheme | Not for loan | Home library | Current library | Date acquired | Total Checkouts | Full call number | Barcode | Date last seen | Date last checked out | Price effective from | Koha item type |
|---|---|---|---|---|---|---|---|---|---|---|---|---|---|
| Library of Congress Classification | Kabarak, Nakuru City Campus | Kabarak, Nakuru City Campus | 21/10/2015 | 2 | P90 .N36 2006 c. 1 | 015607 | 11/03/2021 | 25/02/2021 | 21/10/2015 | General Collection | |||
| Library of Congress Classification | Kabarak, Nakuru City Campus | Kabarak, Nakuru City Campus | 21/10/2015 | 3 | P90 .N36 2006 c. 2 | 015609 | 25/09/2021 | 25/09/2021 | 21/10/2015 | General Collection |